000 00475nam a2200169 i 4500
001 128665
003 ES-MaACL
005 20230906193334.0
007 t|
008 070523s1911 fr ||||1| fre d
100 1 _aTanon, L.
_9109207
245 1 2 _aL'evolution du droit et la conscience sociale /
_cL. Tanon.
250 _a3ª ed. reune et aumentée.
260 _aParís :
_b[s.n.],
_c1911 (
_fPh. Renouard)
300 _a204 p. ;
_c18 cm.
852 _aES-MaACL
_jF-11692
999 _c128665
_d128665